Estimates of state income of Assam 1950-51, 1955-56, and 1960-61 to 1966-67 (Record no. 496821)

000 -LEADER
fixed length control field 00406cam a22001097a 4500
008 - FIXED-LENGTH DATA ELEMENTS--GENERAL INFORMATION
fixed length control field 180718b xxu||||| |||| 00| 0 eng d
082 ## - DEWEY DECIMAL CLASSIFICATION NUMBER
Classification number T112x5411 As72/1950-51
245 ## - TITLE STATEMENT
Title Estimates of state income of Assam 1950-51, 1955-56, and 1960-61 to 1966-67
Statement of responsibility, etc. by Department of Economics & Statistics
260 ## - PUBLICATION, DISTRIBUTION, ETC.
Place of publication, distribution, etc. Shillong
Name of publisher, distributor, etc. Government of Assam
Date of publication, distribution, etc.
300 ## - PHYSICAL DESCRIPTION
Extent v.p.
700 ## - ADDED ENTRY--PERSONAL NAME
Personal name Assam. Department of Economics & Statistics
Holdings
Withdrawn status Lost status Damaged status Not for loan Permanent Location Current Location Date acquired Full call number Barcode Date last seen Price effective from Koha item type
        Indian Institute of Public Administration Indian Institute of Public Administration 2018-08-04 T112x5411 As72/1950-51 GG8582 2018-08-04 2018-08-04 GG

Powered by Koha